Statistics for Countries From Largest To Smallest Starting With N

Click here to take the quiz!

General Stats

  • This quiz has been taken 37 times
  • The average score is 8 of 10

Answer Stats

SizeCountry% Correct
1,266,700 km sq.Niger
97%
910,770 km sq.Nigeria
95%
20 km sq.Nauru
92%
365,268 km sq.Norway
81%
120,340 km sq.Nicaragua
81%
823,290 km sq.Namibia
78%
120,410 km sq.North Korea
76%
143,350 km sq.Nepal
73%
263,310 km sq.New Zealand
70%
33,720 km sq.Netherlands
70%

Score Distribution

Percentile by Number Answered

Percent of People with Each Score

Your Score History

You have not taken this quiz